=LDR 00000nam 2200000 4500 =001 INLIS000000000003566 =005 20130612091852 =008 ***********************************Ind** =035 ##$$0010-061300000003566 =041 ##$$a Ind =082 ##$$a 613.7 =090 ##$$a 613.7, Mor m =100 ##$$a Morgan, Lyle W =245 ##$$a Mengobati cidera olahraga secara alamiah (pengobatan dengan metode homaeopatik), Lyle W. Morgan; alih bahasa, Wendra Ali =260 ##$$a 1993 $b Jakarta =300 ##$$a xiii, 122 hlm., 21 cm =650 ##$$a Olahraga =650 ##$$a Aspek kesehatan =700 ##$$a Ali, Wendra =850 ##$$a NBPNMAT